000 00599nam a2200169Ia 4500
008 090711s9999 xx 000 0 und d
082 _b839
100 _aपुंडलिक रमेश पां.
245 _aसुखदायी वास्तु
260 _bचंद्रमौळी प्रकाशन
_c1998
300 _a30
600 _aपुंडलिक रमेश पां.
630 _aसुखदायी वास्तु
700 _aपुंडलिक रमेश पां.
730 _aसुखदायी वास्तु
942 _cBOOK
999 _c333630
_d333630